[Event "Vancouver Open--Reserve"]
[Site "Vancouver, WA"]
[Date "2017.08.06"]
[Round "5"]
[White "Jo  (WA), Jo"]
[Black "Liang  (WA), Yu-Cheng"]
[Result "0-1"]
[WhiteElo "472"]
[BlackElo "1388"]
[PlyCount "64"]
[EventDate "2017.08.05"]
[SourceDate "2017.08.10"]
[SourceVersionDate "2017.08.10"]

1. d4 d5 2. Bf4 c5 3. c3 Nc6 4. e3 Nf6 5. Nd2 Bf5 6. Ngf3 cxd4 7. Nxd4 Nxd4 8.
cxd4 Nd7 9. Nf3 g6 10. Ne5 Bg7 11. Bb5 Qa5+ 12. Qd2 Qxb5 13. Rd1 O-O 14. Nd3
Rac8 15. O-O Nb6 16. b3 Rfe8 17. Nc5 Nd7 18. a4 Qb6 19. b4 e5 20. Bg3 Nxc5 21.
bxc5 Qa6 22. Qa2 Bd3 23. Rfe1 Bc4 24. Qc2 Re6 25. Ra1 exd4 26. exd4 Bxd4 27.
Rxe6 fxe6 28. Re1 Bxc5 29. Qc1 Bb3 30. Qh6 Bf8 31. Qh3 Bxa4 32. Rxe6 Rc1+ 0-1

[Event "Vancouver Open--Open"]
[Site "Vancouver, WA"]
[Date "2017.08.05"]
[Round "2"]
[White "Pickett  (WA), Charles"]
[Black "Casey  (WA), Garrett"]
[Result "0-1"]
[WhiteElo "2000"]
[BlackElo "1852"]
[PlyCount "78"]
[EventDate "2017.08.05"]
[SourceDate "2017.08.10"]
[SourceVersionDate "2017.08.10"]

1. d4 Nf6 2. c4 g6 3. f3 Bg7 4. e4 d6 5. Nc3 O-O 6. Be3 Nc6 7. Nge2 a6 8. Qd2
Rb8 9. Rc1 Bd7 10. g4 b5 11. h4 h5 12. gxh5 Nxh5 13. Rg1 bxc4 14. Ng3 Nxg3 15.
Rxg3 e5 16. d5 Nd4 17. Bg5 Bf6 18. Bh3 Bxg5 19. hxg5 Kg7 20. Ne2 Nxe2 21. Qxe2
Rh8 22. Bxd7 Rh1+ 23. Kd2 Rxb2+ 24. Rc2 Rxc2+ 25. Kxc2 Qxd7 26. Qxc4 Rh2+ 27.
Kb3 Qc8 28. a3 Rh1 29. Qc2 Qb7+ 30. Ka2 Kf8 31. f4 exf4 32. Rb3 Qa7 33. Qb2 Ke8
34. e5 Qc5 35. Rb8+ Ke7 36. exd6+ Kd7 37. Rd8+ Kxd8 38. Qf6+ Kc8 39. d7+ Kxd7
0-1

[Event "Vancouver Open--Open"]
[Site "Vancouver, WA"]
[Date "2017.08.05"]
[Round "2"]
[White "Zhang  (WA), Brendan"]
[Black "Breckenridge  (OR), Steven"]
[Result "0-1"]
[WhiteElo "2094"]
[BlackElo "2385"]
[PlyCount "94"]
[EventDate "2017.08.05"]
[SourceDate "2017.08.10"]
[SourceVersionDate "2017.08.10"]

1. d4 Nf6 2. c4 g6 3. Nc3 Bg7 4. e4 O-O 5. Be2 d6 6. Nf3 e5 7. dxe5 dxe5 8.
Qxd8 Rxd8 9. Nd5 Nxd5 10. cxd5 h6 11. O-O f5 12. Bc4 Kh7 13. Re1 fxe4 14. Rxe4
c6 15. d6 Rxd6 16. Be3 g5 17. Bc5 Rd8 18. Nxe5 Bf5 19. Re2 Nd7 20. Nxd7 Rxd7
21. Rae1 Rad8 22. Be7 Re8 23. Bf7 Rc8 24. h3 Rcc7 25. Be6 Bxe6 26. Rxe6 Rd2 27.
Bf6 Bxf6 28. Rxf6 Rxb2 29. Ree6 a5 30. Rxh6+ Kg8 31. Re8+ Kg7 32. Rhh8 Rf7 33.
Reg8+ Kf6 34. Rh5 Ke7 35. Rhxg5 Rxa2 36. R8g7 Raxf2 37. Rxf7+ Rxf7 38. Rxa5 Kd6
39. h4 c5 40. h5 Rf5 41. g4 Rf4 42. Kg2 Rxg4+ 43. Kh3 Rg1 44. Ra2 c4 45. h6 Rg6
46. Ra5 Rxh6+ 47. Kg3 Rf6 0-1

[Event "Vancouver Open--Open"]
[Site "Vancouver, WA"]
[Date "2017.08.05"]
[Round "2"]
[White "Lee  (WA), Brian"]
[Black "Baxter  (WA), Brent"]
[Result "0-1"]
[WhiteElo "1664"]
[BlackElo "1900"]
[PlyCount "82"]
[EventDate "2017.08.05"]
[SourceDate "2017.08.10"]
[SourceVersionDate "2017.08.10"]

1. d4 Nf6 2. Nf3 e6 3. Bg5 c5 4. e3 Be7 5. c3 O-O 6. Nbd2 d5 7. Bd3 h6 8. Bh4
Nc6 9. Ne5 Nxe5 10. dxe5 Nd7 11. Bg3 b6 12. h4 Bb7 13. Bf4 f6 14. Qg4 Nxe5 15.
Qxe6+ Kh8 16. Bxe5 fxe5 17. Qxe5 Bd6 18. Qh5 Rf6 19. O-O Qe8 20. Qxe8+ Rxe8 21.
c4 Re5 22. Nf3 Re7 23. cxd5 Bxd5 24. Nd2 Be5 25. Bc4 Bc6 26. Rab1 b5 27. Be2
Rd7 28. Nb3 Rg6 29. f3 c4 30. Nc5 Rd2 31. Rfe1 Bg3 32. e4 Bxh4 33. e5 Bxe1 34.
Rxe1 Rxb2 35. e6 Kg8 36. e7 Kf7 37. g4 a6 38. Nxa6 Re6 39. Nb8 Rbxe2 40. Rxe2
Rxe2 41. Nxc6 Rxa2 0-1

[Event "Vancouver Open--Open"]
[Site "Vancouver, WA"]
[Date "2017.08.05"]
[Round "2"]
[White "He  (WA), Anthony"]
[Black "McCoy  (OR), Owen"]
[Result "1-0"]
[WhiteElo "2340"]
[BlackElo "2040"]
[PlyCount "103"]
[EventDate "2017.08.05"]
[SourceDate "2017.08.10"]
[SourceVersionDate "2017.08.10"]

1. e4 c5 2. Ne2 Nc6 3. d4 cxd4 4. Nxd4 e5 5. Nb5 a6 6. Nd6+ Bxd6 7. Qxd6 Qf6 8.
Qc7 Nge7 9. Nc3 Qg6 10. Be3 d6 11. O-O-O O-O 12. f4 Qh6 13. Rxd6 Be6 14. Nd5
exf4 15. Nxf4 Qg5 16. Rd2 Rfc8 17. Qb6 Qe5 18. Nxe6 Qxe6 19. Qb3 Qxe4 20. Bd3
Qh4 21. Rf1 Ne5 22. Bf4 N7c6 23. Be4 Qf6 24. Rdd1 Rf8 25. Kb1 Rac8 26. Qh3 h6
27. g4 Nc4 28. Bc1 Qe5 29. Rfe1 Qb5 30. g5 Nb4 31. gxh6 g6 32. a3 Nc6 33. Rd5
Qb6 34. Qc3 Nd4 35. Qxd4 Nxa3+ 36. Ka2 Qxd4 37. Rxd4 Nxc2 38. Bxc2 Rxc2 39. Bf4
Rc5 40. Re7 Ra5+ 41. Kb1 Kh7 42. Rxb7 Rf5 43. h4 Re8 44. Ra7 Re1+ 45. Ka2 Rf1
46. Bd2 Rf6 47. Bc3 Rc6 48. Rd8 g5 49. hxg5 Rf2 50. Bf6 Rc5 51. Rxa6 Rxf6 52.
gxf6 1-0

[Event "Vancouver Open--Open"]
[Site "Vancouver, WA"]
[Date "2017.08.05"]
[Round "2"]
[White "Hosford  (OR), Michael"]
[Black "Ramasamy  (WA), Vikram"]
[Result "0-1"]
[WhiteElo "1890"]
[BlackElo "2139"]
[PlyCount "119"]
[EventDate "2017.08.05"]
[SourceDate "2017.08.10"]
[SourceVersionDate "2017.08.10"]

1. e4 Nf6 2. d3 e5 3. Nf3 Nc6 4. Be2 d5 5. Nbd2 Bc5 6. O-O O-O 7. c3 a5 8. h3
h6 9. Re1 Re8 10. Qc2 Be6 11. Nf1 Qd7 12. Be3 d4 13. cxd4 Bxd4 14. Nxd4 Nxd4
15. Bxd4 Qxd4 16. Nh2 Nd7 17. Rac1 Rac8 18. Nf3 Qd6 19. Qc3 b6 20. d4 exd4 21.
Nxd4 Nc5 22. Nxe6 fxe6 23. e5 Qe7 24. a3 Rf8 25. Bc4 a4 26. Re3 Rf5 27. Rf3
Rcf8 28. Rxf5 Rxf5 29. Qd4 Qg5 30. Re1 Kh8 31. Ba2 Rf3 32. h4 Qf4 33. Qd8+ Qf8
34. Qxf8+ Rxf8 35. Rd1 g6 36. Rd4 Kg7 37. f4 g5 38. hxg5 hxg5 39. g3 Kg6 40.
Kg2 Kh5 41. Kf3 Kg6 42. Bb1+ Kg7 43. Bc2 gxf4 44. gxf4 Ra8 45. Rd2 Rh8 46. Rg2+
Kf7 47. Ke3 Rh3+ 48. Kd4 Rf3 49. f5 exf5 50. Kd5 f4 51. Rh2 Rg3 52. Rh7+ Kg8
53. Rxc7 Rg2 54. Bf5 f3 55. e6 f2 56. Ke5 f1=Q 57. Rc8+ Kg7 58. Rc7+ Kh6 59.
Rh7+ Kg5 60. Rg7+ 0-1

[Event "Vancouver Open-- Open"]
[Site "Vancouver, WA"]
[Date "2017.08.05"]
[Round "2"]
[White "Raptis  (WA), Nick"]
[Black "Bjoprksten  (OR), Lennart"]
[Result "1/2-1/2"]
[WhiteElo "2425"]
[BlackElo "2091"]
[PlyCount "98"]
[EventDate "2017.08.05"]
[SourceDate "2017.08.11"]
[SourceVersionDate "2017.08.11"]

1. Nf3 Nf6 2. g3 d5 3. Bg2 Nc6 4. c4 d4 5. O-O e5 6. d3 Bc5 7. b4 Nxb4 8. Nxe5
O-O 9. a3 Na6 10. Nd2 Re8 11. Nef3 Bd7 12. Bb2 Bc6 13. Re1 Qd7 14. a4 Re7 15.
a5 Rae8 16. Kf1 Ng4 17. Ba3 Qd6 18. Bxc5 Nxc5 19. Kg1 Qh6 20. h3 Nxf2 21. Kxf2
Qe3+ 22. Kf1 Re6 23. Qc1 Rg6 24. Ne4 Bxe4 25. Qxe3 dxe3 26. dxe4 Rxg3 27. Red1
h6 28. e5 Ne6 29. Nh4 Nf4 30. Rd4 Nxg2 31. Nxg2 Rxh3 32. Rh4 Rxh4 33. Nxh4 Rxe5
34. Nf3 Rc5 35. Ra4 Kh7 36. Kg2 g5 37. Nd4 f5 38. Ne6 Re5 39. Nxc7 Kg6 40. Nd5
f4 41. Rb4 Re4 42. Rxb7 g4 43. Rxa7 f3+ 44. Kf1 g3 45. Nxe3 Rxe3 46. exf3 Rxf3+
47. Kg2 Ra3 48. Ra8 Kg5 49. Kh3 Kf4 1/2-1/2

[Event "Vancouver Open--Open"]
[Site "Vancouver, WA"]
[Date "2017.08.05"]
[Round "2"]
[White "Zavortink  (OR), Matt"]
[Black "Seshadri  (WA), Sridhar"]
[Result "1-0"]
[WhiteElo "2223"]
[BlackElo "1677"]
[PlyCount "115"]
[EventDate "2017.08.05"]
[SourceDate "2017.08.11"]
[SourceVersionDate "2017.08.11"]

1. d4 d5 2. Bf4 Nf6 3. e3 e6 4. Nd2 Bd6 5. Bg3 O-O 6. Ngf3 c5 7. c3 Nc6 8. Bd3
a6 9. Ne5 Ne7 10. f4 Nf5 11. Bf2 cxd4 12. exd4 g6 13. g4 Ng7 14. Bh4 Be7 15.
O-O Nxg4 16. Bxe7 Ne3 17. Bxd8 Nxd1 18. Raxd1 Rxd8 19. Ng4 Nh5 20. Be2 Kg7 21.
Ne5 Nf6 22. Ndf3 h6 23. Bd3 Rd6 24. Rd2 Ne4 25. Bxe4 dxe4 26. Ne1 f6 27. Nc4
Rc6 28. Ne3 b5 29. N1c2 Bb7 30. Na1 Rd8 31. Nb3 Ba8 32. Rg2 f5 33. Kf2 Kf6 34.
Rfg1 Rg8 35. h4 Rd6 36. Rg3 h5 37. Rg5 Rg7 38. Nc2 Bd5 39. Ke3 Kf7 40. Nb4 Bxb3
41. axb3 a5 42. Nc2 Rb6 43. Ra1 a4 44. bxa4 bxa4 45. Nb4 Kf6 46. Rxa4 Rgb7 47.
Rg1 Kg7 48. Rga1 Kh6 49. Ra7 Rxb4 50. cxb4 Rxb4 51. Re7 Rb3+ 52. Kd2 Rxb2+ 53.
Kc3 Rb8 54. Raa7 Rc8+ 55. Kd2 Rh8 56. Rxe6 Rg8 57. Ke3 Rb8 58. Ree7 1-0

[Event "Vancouver Open--Open"]
[Site "Vancouver, WA"]
[Date "2017.08.05"]
[Round "2"]
[White "Rachmuth  (OR), Moshe"]
[Black "Mathews  (WA), Dan"]
[Result "1-0"]
[WhiteElo "1973"]
[BlackElo "1825"]
[PlyCount "69"]
[EventDate "2017.08.05"]
[SourceDate "2017.08.12"]
[SourceVersionDate "2017.08.12"]

1. e4 d5 2. exd5 Qxd5 3. Nc3 Qd8 4. d4 Nf6 5. Nf3 g6 6. Bg5 Bg7 7. Qd2 c6 8.
Bc4 Nd5 9. O-O Bg4 10. Ne5 Be6 11. Rfe1 Bxe5 12. dxe5 Nxc3 13. Qxc3 Bxc4 14.
Qxc4 Qd5 15. Qxd5 cxd5 16. Rad1 e6 17. c4 O-O 18. cxd5 exd5 19. Rxd5 Nc6 20.
Bf6 Rac8 21. g3 b6 22. Rd7 Rce8 23. e6 Rc8 24. e7 Rfe8 25. Red1 h6 26. Rd8 Kh7
27. Rxc8 Rxc8 28. Rd8 Nxe7 29. Bxe7 Rc7 30. Bf6 g5 31. Bc3 f5 32. Rf8 Rd7 33.
Rxf5 Kg6 34. Rf6+ Kh7 35. Kg2 1-0

[Event "Vancouver Open--Reserve"]
[Site "Vancouver, WA"]
[Date "2017.08.05"]
[Round "3"]
[White "Harvey  (WA), Kelley"]
[Black "Varner  (WA), Murlin"]
[Result "0-1"]
[WhiteElo "1393"]
[BlackElo "1515"]
[PlyCount "90"]
[EventDate "2017.08.05"]
[SourceDate "2017.08.12"]
[SourceVersionDate "2017.08.12"]

1. e4 e6 2. d4 d5 3. e5 c5 4. Nf3 Nc6 5. c3 Bd7 6. Be3 c4 7. b3 b5 8. b4 Nge7
9. Bg5 h6 10. Bh4 g5 11. Bg3 a5 12. a3 axb4 13. Qc1 Nf5 14. Qb2 b3 15. Be2 h5
16. h3 Nxg3 17. fxg3 Bh6 18. h4 g4 19. Nfd2 Ne7 20. Nf1 Nf5 21. Kf2 f6 22. Kg1
fxe5 23. dxe5 Qb6+ 24. Kh2 Rf8 25. Nbd2 Nxh4 26. Qb1 Nxg2 27. Qg6+ Rf7 28. Rg1
Nh4 29. gxh4 Qf2+ 30. Rg2 Bf4+ 31. Kh1 Qxh4+ 32. Kg1 Ke7 33. Rd1 Bxe5 34. Ne4
Be8 35. Qh6 dxe4 36. Qe3 Rc8 37. Qxe4 Bc6 38. Qxe5 Bxg2 39. Qd6+ Kf6 40. Kxg2
Rcf8 41. Ng3 Kg7 42. Qe5+ Kg8 43. Rh1 Rf2+ 44. Kg1 Qf6 45. Qxh5 Rf1+ 0-1

[Event "Vancouver Open--Reserve"]
[Site "Vancouver, WA"]
[Date "2017.08.05"]
[Round "3"]
[White "Yoshinaga  (OR), David"]
[Black "Doddapaneni  (OR), Venkat"]
[Result "0-1"]
[WhiteElo "1756"]
[BlackElo "1645"]
[PlyCount "52"]
[EventDate "2017.08.05"]
[SourceDate "2017.08.12"]
[SourceVersionDate "2017.08.12"]

1. b3 e5 2. Bb2 Nc6 3. d3 d5 4. Nd2 Be6 5. e3 Qd7 6. Be2 O-O-O 7. Ngf3 f6 8. c4
g5 9. cxd5 Bxd5 10. e4 Be6 11. Nc4 g4 12. Nh4 Bb4+ 13. Kf1 h5 14. Ne3 Nge7 15.
Rc1 f5 16. exf5 Nxf5 17. Nhxf5 Bxf5 18. Rxc6 bxc6 19. Bxe5 Rhe8 20. d4 c5 21.
Bf6 Rxe3 22. Ba6+ Kb8 23. fxe3 Rf8 24. Ke2 Rxf6 25. dxc5 Rxa6 26. Qc1 Rxa2+ 0-1

[Event "Vancouver Open--Open"]
[Site "Vancouver, WA"]
[Date "2017.08.05"]
[Round "3"]
[White "Bjorksten  (OR), Lennart"]
[Black "Seitzer  (OR), Phillip"]
[Result "1/2-1/2"]
[WhiteElo "2091"]
[BlackElo "2056"]
[PlyCount "61"]
[EventDate "2017.08.05"]
[SourceDate "2017.08.12"]
[SourceVersionDate "2017.08.12"]

1. d4 d5 2. Bf4 Nf6 3. e3 c5 4. c3 Nc6 5. Nd2 Bf5 6. Ngf3 e6 7. h3 h6 8. Ne5
cxd4 9. exd4 Bd6 10. Bb5 Qc7 11. O-O O-O 12. Re1 Ne4 13. Bxc6 bxc6 14. Nxe4
Bxe4 15. Qd2 f6 16. Nd3 e5 17. Bg3 Bxd3 18. dxe5 Bxe5 19. Bxe5 fxe5 20. Qxd3 e4
21. Qd4 Qb6 22. Qxb6 axb6 23. c4 dxc4 24. Rxe4 Rad8 25. Rae1 Rd2 26. R1e2 Rxe2
27. Rxe2 Ra8 28. b3 cxb3 29. axb3 Ra1+ 30. Kh2 Rb1 31. Re3 1/2-1/2

[Event "Vancouver Open--Open"]
[Site "Vancouver, WA"]
[Date "2017.08.05"]
[Round "3"]
[White "Baxter  (WA), Brent"]
[Black "Sinanan  (WA), Josh"]
[Result "0-1"]
[WhiteElo "1900"]
[BlackElo "2263"]
[PlyCount "70"]
[EventDate "2017.08.05"]
[SourceDate "2017.08.12"]
[SourceVersionDate "2017.08.12"]

1. b3 d5 2. Bb2 c5 3. e3 a6 4. f4 Nc6 5. Nf3 Nf6 6. Be2 g6 7. O-O Bg7 8. Ne5
Qc7 9. Bf3 O-O 10. Qe2 Be6 11. c4 Rfd8 12. Nxc6 Qxc6 13. Nc3 Qc7 14. d3 Rac8
15. Rad1 d4 16. Ne4 dxe3 17. Nxf6+ Bxf6 18. Bxf6 exf6 19. Qxe3 Rd4 20. g3 Rcd8
21. Rd2 b6 22. Rfd1 R8d6 23. Be2 Kg7 24. h3 Bc8 25. Bg4 Bxg4 26. hxg4 Qd7 27.
g5 fxg5 28. fxg5 Re6 29. Qf3 Qc6 30. Qf2 Re5 31. Rf1 Rf5 32. Qh2 Rxf1+ 33. Kxf1
Qf3+ 34. Ke1 Qe3+ 35. Kd1 Qxg5 0-1

[Event "Vancouver Open--Open"]
[Site "Vancouver, WA"]
[Date "2017.08.05"]
[Round "3"]
[White "Margvelashvili  (WA), Giorgi"]
[Black "He  (WA), Anthony"]
[Result "1/2-1/2"]
[WhiteElo "2609"]
[BlackElo "2340"]
[PlyCount "43"]
[EventDate "2017.08.05"]
[SourceDate "2017.08.12"]
[SourceVersionDate "2017.08.12"]

1. d4 Nf6 2. c4 g6 3. Nf3 Bg7 4. e3 O-O 5. Be2 b6 6. Nc3 d5 7. O-O Bb7 8. b4
Nbd7 9. Rb1 dxc4 10. Bxc4 Ne4 11. Nxe4 Bxe4 12. Bd3 Bxd3 13. Qxd3 e5 14. Bb2
exd4 15. Nxd4 Ne5 16. Qe4 Re8 17. Nc6 Nxc6 18. Qxc6 Bxb2 19. Rxb2 Re6 20. Qc3
c5 21. bxc5 Rc6 22. Rd2 1/2-1/2

[Event "Vancouver Open--Open"]
[Site "Vancouver, WA"]
[Date "2017.08.05"]
[Round "3"]
[White "Du  (WA), Wenyang"]
[Black "Pickett  (WA), Charles"]
[Result "1/2-1/2"]
[WhiteElo "1908"]
[BlackElo "2000"]
[PlyCount "67"]
[EventDate "2017.08.05"]
[SourceDate "2017.08.12"]
[SourceVersionDate "2017.08.12"]

1. e4 e6 2. d4 d5 3. Nd2 dxe4 4. Nxe4 Nd7 5. Nf3 Ngf6 6. Bd3 c5 7. Bf4 Nxe4 8.
Bxe4 Nf6 9. Bg5 h6 10. Bxf6 gxf6 11. c3 f5 12. Bc2 cxd4 13. O-O Bg7 14. Nxd4
O-O 15. Qh5 Qg5 16. Qxg5 hxg5 17. Rad1 b6 18. Rfe1 Bb7 19. Nb5 Bc6 20. Nd4 Rac8
21. Nxc6 Rxc6 22. Rd7 a5 23. Red1 Rfc8 24. Ba4 R6c7 25. R7d6 Rb8 26. Bb5 Bf6
27. a4 Be7 28. R6d3 Kg7 29. Kf1 Kf6 30. Ke2 Rcc8 31. g3 Rd8 32. Bd7 Rh8 33. Rh1
Rh3 34. Kf3 1/2-1/2

[Event "Vancouver Open--Reserve"]
[Site "Vancouver, WA"]
[Date "2017.08.05"]
[Round "3"]
[White "Toppen-Ryan  (WA), Harrison"]
[Black "Reeves  (WA), Jasen"]
[Result "1-0"]
[WhiteElo "1446"]
[BlackElo "1526"]
[PlyCount "57"]
[EventDate "2017.08.05"]
[SourceDate "2017.08.13"]
[SourceVersionDate "2017.08.13"]

1. c4 c5 2. g3 Nc6 3. Bg2 g6 4. Nc3 Bg7 5. e4 e6 6. Nge2 Nge7 7. O-O O-O 8. d3
f5 9. f4 fxe4 10. dxe4 a6 11. Be3 b6 12. g4 Bb7 13. e5 Qc7 14. Ne4 Nc8 15. h4
N6e7 16. N2c3 Rd8 17. Qc2 d5 18. exd6 Nxd6 19. Rad1 Nxe4 20. Nxe4 Bd4 21. Qf2
Bxe3 22. Qxe3 Bxe4 23. Qxe4 Kh8 24. Qxe6 Rab8 25. f5 gxf5 26. Qf6+ Kg8 27. gxf5
Rf8 28. Qe6+ Rf7 29. Rd7 1-0

[Event "Vancouver Open--Open"]
[Site "Vancouver, WA"]
[Date "2017.08.05"]
[Round "3"]
[White "Beck  (WA), Alec"]
[Black "Holloran  (OR), William"]
[Result "1-0"]
[WhiteElo "1721"]
[BlackElo "1846"]
[Annotator "Murlin"]
[PlyCount "62"]
[EventDate "2017.08.05"]
[SourceDate "2017.08.13"]
[SourceVersionDate "2017.08.13"]

1. d4 Nf6 2. c4 e6 3. Nf3 b6 4. Nc3 Bb4 5. Bg5 Bb7 6. e3 d6 7. Be2 Nbd7 8. O-O
Bxc3 9. bxc3 Nf8 10. Qb3 Ng6 11. Rfd1 h6 12. Bxf6 Qxf6 13. a4 O-O 14. a5 e5 15.
axb6 cxb6 16. Ra3 e4 17. Ne1 Qg5 18. Rda1 f5 19. c5+ Kh7 20. c4 f4 21. Bf1 dxc5
22. d5 Bc8 23. exf4 Qxf4 24. Qg3 Qf6 25. Nc2 a6 26. Ne3 Ra7 27. R1a2 Re7 28.
Rd2 Re5 29. Kh1 Rg5 30. Qc7 Nf4 31. d6 Nh3 {It seems as though Black is better
at this point, but there is no indication of unrecorded moves on the
scoresheet.} 1-0

[Event "Vancouver Open--Open"]
[Site "Vancouver, WA"]
[Date "2017.08.05"]
[Round "3"]
[White "Breckenridge  (OR), Steven"]
[Black "Zavortink  (OR), Matt"]
[Result "1-0"]
[WhiteElo "2385"]
[BlackElo "2223"]
[PlyCount "85"]
[EventDate "2017.08.05"]
[SourceDate "2017.08.14"]
[SourceVersionDate "2017.08.14"]

1. e4 e6 2. d4 d5 3. Nd2 Be7 4. Ngf3 Nf6 5. Bd3 c5 6. exd5 Qxd5 7. dxc5 Nbd7 8.
Bc4 Qxc5 9. Qe2 O-O 10. O-O b6 11. Ne4 Nxe4 12. Qxe4 Rb8 13. Bd3 Qh5 14. Rd1
Bf6 15. Qf4 Bb7 16. Be2 Ne5 17. Nd4 Qg6 18. Qg3 Rfd8 19. Bf4 Qxg3 20. hxg3 a6
21. Nb3 Rbc8 22. c3 Nc4 23. Bxc4 Rxc4 24. Be3 Rc6 25. Rxd8+ Bxd8 26. Rd1 Bc7
27. Bf4 g6 28. Bxc7 Rxc7 29. Rd6 Rc6 30. Rd7 Bc8 31. Rd8+ Kg7 32. Nd4 Rc5 33.
Rd6 e5 34. Nc2 b5 35. Nb4 a5 36. Nd3 Rc4 37. Nxe5 Re4 38. Nf3 Bg4 39. Rd5 Bxf3
40. gxf3 Ra4 41. a3 b4 42. cxb4 axb4 43. Rd4 1-0

[Event "Vancouver Open--Reserve"]
[Site "Vancouver, WA"]
[Date "2017.08.05"]
[Round "3"]
[White "Koenig  (WA), Benjamin"]
[Black "Dietz  (OR), Arliss"]
[Result "1/2-1/2"]
[WhiteElo "1170"]
[BlackElo "1500"]
[PlyCount "119"]
[EventDate "2017.08.05"]
[SourceDate "2017.08.14"]
[SourceVersionDate "2017.08.14"]

1. e4 c5 2. d4 cxd4 3. c3 a6 4. Nf3 Nc6 5. cxd4 e6 6. Bc4 g6 7. O-O Bg7 8. d5
Ne5 9. dxe6 dxe6 10. Qxd8+ Kxd8 11. Bg5+ Ke8 12. Nbd2 Nxf3+ 13. Nxf3 Bf6 14.
Bf4 Ne7 15. Rad1 Nc6 16. Bh6 Rg8 17. Rd2 Bxb2 18. e5 Bxe5 19. Nxe5 Nxe5 20. Rd4
Nxc4 21. Rxc4 Bd7 22. Rd1 Bc6 23. Bg5 Kf8 24. Bf6 h6 25. Rh4 h5 26. f3 Ke8 27.
Rhd4 Bd5 28. g4 hxg4 29. fxg4 Rc8 30. Rxd5 exd5 31. Rxd5 g5 32. Bxg5 Rg6 33. h3
Rgc6 34. h4 Rc5 35. Rd1 Kf8 36. Kf2 Rc2+ 37. Kf3 Rxa2 38. h5 Ra3+ 39. Ke4 Kg7
40. Rd5 Ra4+ 41. Kf5 Ra2 42. Be3 Ra3 43. h6+ Kh7 44. Bf4 Ra4 45. g5 Rxf4+ 46.
Kxf4 Rc7 47. Kf5 b5 48. Kf6 b4 49. Rd8 Rb7 50. Rf8 a5 51. Rxf7+ Rxf7+ 52. Kxf7
b3 53. g6+ Kxh6 54. g7 b2 55. g8=Q b1=Q 56. Qg7+ Kh5 57. Qe5+ Kg4 58. Qg7+ Kf3
59. Qf6+ Kg2 60. Qg7+ 1/2-1/2

[Event "Vancouver Open--Reserve"]
[Site "Vancouver, WA"]
[Date "2017.08.05"]
[Round "3"]
[White "Hitchcock  (WA), Brandon"]
[Black "Kurfman  (OR), David"]
[Result "0-1"]
[WhiteElo "1160"]
[BlackElo "1602"]
[PlyCount "98"]
[EventDate "2017.08.05"]
[SourceDate "2017.08.14"]
[SourceVersionDate "2017.08.14"]

1. d4 e6 2. Nf3 d5 3. e3 c5 4. b3 Qa5+ 5. Bd2 Qc7 6. c4 Nc6 7. Bc3 cxd4 8. Nxd4
Bb4 9. Qd2 Bxc3 10. Nxc3 dxc4 11. Bxc4 Nf6 12. Nxc6 bxc6 13. O-O O-O 14. Be2
Rd8 15. Qc2 Bb7 16. Bf3 Nd5 17. Nxd5 exd5 18. Qc5 Qb6 19. Rac1 Re8 20. Rc2 Re6
21. b4 Ba6 22. Rfc1 Bc4 23. Bxd5 Qxc5 24. Bxe6 Qxb4 25. Bxc4 Rd8 26. Bb3 Rd6
27. Kf1 Qb5+ 28. Rc4 g6 29. Ke2 Qh5+ 30. Ke1 Qxh2 31. Rd1 Rxd1+ 32. Kxd1 Qxg2
33. Ke2 h5 34. Ba4 Qd5 35. Rc2 c5 36. Bb3 Qc6 37. Rd2 Qb5+ 38. Ke1 c4 39. Bd1
Qa5 40. Bf3 c3 41. Rc2 Qf5 42. Bd1 Qf6 43. f4 Qh4+ 44. Kf1 Qh1+ 45. Ke2 Qc6 46.
Kf2 h4 47. Bf3 Qc5 48. Kg2 Qxe3 49. Bg4 Qg3+ 0-1

[Event "Vancouver Open--Reserve"]
[Site "Vancouver, WA"]
[Date "2017.08.05"]
[Round "3"]
[White "Johnson  (WA), Richard"]
[Black "Richards  (WA), Jerrold"]
[Result "0-1"]
[WhiteElo "1205"]
[BlackElo "1300"]
[PlyCount "111"]
[EventDate "2017.08.05"]
[SourceDate "2017.08.14"]
[SourceVersionDate "2017.08.14"]

1. e4 e6 2. d4 d5 3. e5 c5 4. dxc5 Bxc5 5. Qg4 Bf8 6. Bb5+ Bd7 7. Bxd7+ Nxd7 8.
Nf3 Qc7 9. Qa4 Ne7 10. O-O Ng6 11. Re1 Be7 12. Bg5 Bxg5 13. Nxg5 O-O 14. f4
Qb6+ 15. Kh1 Nc5 16. Qd4 Rac8 17. Nc3 a6 18. b4 Nd7 19. Qxb6 Nxb6 20. Ne2 Rxc2
21. g3 Rfc8 22. Nd4 R2c4 23. Ngf3 Rxb4 24. Rac1 Rxc1 25. Rxc1 Nc4 26. Nb3 Kf8
27. Nfd4 Ne7 28. g4 Rb6 29. f5 Nc6 30. fxe6 Nxd4 31. Nxd4 fxe6 32. Rf1+ Ke7 33.
Nb3 Nxe5 34. h3 Nf7 35. Rc1 Rc6 36. Rb1 Rb6 37. Rc1 Rb5 38. Rc7+ Kf6 39. h4 h6
40. Nc5 Ne5 41. g5+ hxg5 42. hxg5+ Kxg5 43. Rxg7+ Kf6 44. Rc7 Rb1+ 45. Kg2 Rb2+
46. Kf1 Rxa2 47. Rxb7 Ra1+ 48. Ke2 Ra5 49. Rc7 Kf5 50. Nb3 Ra2+ 51. Ke3 Ra3 52.
Rc3 Nc4+ 53. Kd3 Ke5 54. Nd2 Rxc3+ 55. Kxc3 Nxd2 56. Kxd2 0-1

[Event "Vancouver Open--Open"]
[Site "Vancouver, WA"]
[Date "2017.08.05"]
[Round "3"]
[White "McCoy  (OR), Owen"]
[Black "Mayer  (WA), Jacob"]
[Result "1-0"]
[WhiteElo "1204"]
[BlackElo "1778"]
[PlyCount "91"]
[EventDate "2017.08.05"]
[SourceDate "2017.08.14"]
[SourceVersionDate "2017.08.14"]

1. e4 c5 2. Nc3 e6 3. g3 Nc6 4. Bg2 a6 5. d3 d6 6. Nh3 Be7 7. O-O Nf6 8. f4 d5
9. e5 Nd7 10. Ne2 Qc7 11. c3 b5 12. a3 Bb7 13. d4 f6 14. f5 O-O-O 15. Nef4 Nf8
16. fxe6 Na5 17. exf6 Bxf6 18. Qg4 Qe7 19. dxc5 Nb3 20. Rb1 Nxc5 21. Re1 g6 22.
a4 Nxa4 23. Nd3 h5 24. Qe2 Rd6 25. Nhf4 Kd8 26. Ne5 Rxe6 27. Nxe6+ Qxe6 28. Bf4
g5 29. Bd2 Nc5 30. Qf2 Ne4 31. Bxe4 dxe4 32. Bxg5 Bxg5 33. Nf7+ Kc8 34. Qc5+
Kb8 35. Nxg5 Qe8 36. Rbd1 Rh6 37. Rf1 Nd7 38. Rxd7 Qxd7 39. Qf8+ Ka7 40. Qxh6
e3 41. Ne4 Qd3 42. Nc5 Qd5 43. Nxb7 e2 44. Qe3+ Kxb7 45. Qxe2 Qc5+ 46. Kg2 1-0

[Event "Vancouver Open--Reserve"]
[Site "Vancouver, WA"]
[Date "2017.08.06"]
[Round "4"]
[White "Varner  (WA), Murlin"]
[Black "Feldman  (OR), Konner"]
[Result "0-1"]
[WhiteElo "1515"]
[BlackElo "1681"]
[Annotator "Murlin"]
[PlyCount "60"]
[EventDate "2017.08.05"]
[SourceDate "2017.08.14"]
[SourceVersionDate "2017.08.14"]

1. c4 c6 2. Nc3 d5 3. e3 Bf5 4. d4 e6 5. Nf3 Nd7 6. c5 Ngf6 7. h3 h5 8. Bd3 Ne4
9. Ne2 Bxc5 10. O-O $2 $17 (10. dxc5 Qa5+ 11. Bd2 $16) 10... Bd6 11. b3 g5 12.
Bb2 g4 13. Bxe4 Bxe4 14. Ne5 Bxe5 15. dxe5 gxh3 16. g3 h2+ 17. Kxh2 Qg5 18. Nf4
O-O-O 19. Nh3 Qg7 20. f3 Rdg8 21. Rg1 Nxe5 22. Bxe5 Qxe5 23. fxe4 h4 24. Qf3
hxg3+ 25. Rxg3 Rxg3 26. Qxg3 Qxa1 27. Qf2 Qe5+ 28. Kg2 Qxe4+ 29. Kh2 Qh4 30.
Qf3 Qxh3+ 0-1

[Event "Vancouver Open--Reserve"]
[Site "Vancouver, WA"]
[Date "2017.08.06"]
[Round "4"]
[White "Johnson  (WA), Richard"]
[Black "Hicks  (WA), Collin"]
[Result "1-0"]
[WhiteElo "1205"]
[BlackElo "1347"]
[PlyCount "45"]
[EventDate "2017.08.05"]
[SourceDate "2017.08.14"]
[SourceVersionDate "2017.08.14"]

1. e4 c5 2. d4 e6 3. Nf3 Nf6 4. Nc3 d5 5. e5 Nfd7 6. Be2 c4 7. O-O g6 8. Bg5 f6
9. exf6 Nxf6 10. Ne5 Qe7 11. Qd2 Nbd7 12. Ng4 Ne4 13. Nxe4 Qg7 14. Nef6+ Nxf6
15. Bxf6 Qg8 16. Bxh8 Qxh8 17. Ne5 Bg7 18. Qf4 Qf8 19. Qxf8+ Bxf8 20. Rfe1 b5
21. Bg4 a5 22. Nf3 Ra6 23. Ng5 1-0